| 000 | 00570nam a22001817a 4500 | ||
|---|---|---|---|
| 999 |
_c10224 _d10224 |
||
| 003 | AR-CdUCM | ||
| 008 | 190329b ||||| |||| 00| 0 spa d | ||
| 040 |
_aMUNICIPALIDAD PROVINCIAL DEL CUSCO _cBIBLIOTECA MUNICIPAL DEL CUSCO |
||
| 082 |
_aES / 800 / _bF38 |
||
| 100 |
_aFernandez Luna, Concha _926947 |
||
| 245 | _aNuestro amigo Olaf y otras aventuras / | ||
| 260 |
_aEspaña : _bA. G. Ponsa, _c1960. |
||
| 300 |
_a159 páginas ; _c17 cm. |
||
| 440 |
_aColección nuevos cuentos _n9 _926948 |
||
| 650 |
_aObras literarias. _9403 |
||
| 942 |
_2ddc _cLIBROS |
||
| 945 | _awfj | ||